Sports Quiz

Random Sports or Baseball Quiz

MLB Opening Day Trivia Quiz Stats

Quiz Updated Feb 28, 2012

Challenge
Share
Tweet
Embed
Score 0/20 Timer 04:00
1 Play Today
Clue Answer % Correct
Opening Day 1974 saw this man tie Babe Ruth on the all-time HR listHank Aaron
86.3%
Hall of Famer who broke the color barrier on Opening Day 1947Jackie Robinson
84.8%
Red Sox pitcher (and future Yankee) who threw a 3 hit shutout against the Yanks on opening day 1917Babe Ruth
81.2%
Network that now broadcasts Sunday night openersESPN
78.8%
This season's Opening Day was postponed because of the assassination of Dr. Martin Luther King Jr.1968
78.4%
Last player to hit .400, he had a hit in every opener he played inTed Williams
77.3%
For more than a century this team traditionally hosted the season's very first gameCincinnati Reds
74.8%
Site of the first opener outside of the New WorldTokyo, Japan
70.9%
Site of the first opener outside of the U.S. or CanadaMonterrey, Mexico
64.4%
First 3-time Cy Young Award winner, this Dodger made only one Opening Day startSandy Koufax
58.9%
Clue Answer % Correct
The longest work stoppage in baseball history pushed this season's opening day to April 25th1995
57.3%
First President to attend an opening day gameWilliam Howard Taft
55.7%
Indian who threw the only Opening Day no-hitterBob Feller
46.1%
Dodgers hurler who was the first pitcher to hit two Opening Day home runsDon Drysdale
34.8%
NL team that hosted the first night openerSt. Louis Cardinals
34.3%
Team that played a record 60 consecutive openers on the roadPittsburgh Pirates
29.2%
The NY Giants were forced into Opening Day's only forfeit in 1907 when their fans wouldn't stop throwing these onto the fieldSnowballs
17.7%
Pitcher who started the most openersTom Seaver
16.9%
Umpire who tragically collapsed on the field and died on Opening Day in 1996John McSherry
5.8%
First player to homer on the first pitch of a major league seasonDwight Evans
3.6%

You're not logged in!

Compare scores with friends on all Sporcle quizzes.
Join for Free
OR
Log In

You Might Also Like...

Show Comments

Extras

Top Quizzes Today


Score Distribution

Your Account Isn't Verified!

In order to create a playlist on Sporcle, you need to verify the email address you used during registration. Go to your Sporcle Settings to finish the process.

Report this User

Report this user for behavior that violates our Community Guidelines.

Details: